Central Library OPAC University of Rajshahi

The agrarian origins of modern Japan / (Record no. 73474)

MARC details
000 -LEADER
fixed length control field 01007nam a2200289 4500
001 - CONTROL NUMBER
control field 73474
003 - CONTROL NUMBER IDENTIFIER
rucl marc code BD-RjUL
005 - DATE AND TIME OF LATEST TRANSACTION
control field 20211209082412.0
008 - FIXED-LENGTH DATA ELEMENTS--GENERAL INFORMATION
fixed length control field 170601s1959 cauab b 001 0 eng d
020 ## - INTERNATIONAL STANDARD BOOK NUMBER
International Standard Book Number 0804705305
International Standard Book Number 0804705313
035 ## - SYSTEM CONTROL NUMBER
System control number (BD-RjUL)73692
040 ## - CATALOGING SOURCE
Original cataloging agency DLC
Transcribing agency WSU
Modifying agency OCL
-- MYG
-- BD-RjUL
Language of cataloging eng
041 ## - LANGUAGE CODE
Language code of text/sound track or separate title eng
082 ## - DEWEY DECIMAL CLASSIFICATION NUMBER
Edition number 23
Classification number 333.760952
Author mark and year SMA 1959
100 1# - MAIN ENTRY--PERSONAL NAME
Personal name Smith, Thomas C.
Fuller form of name (Thomas Carlyle),
Dates associated with a name 1916-2004.
9 (RLIN) 217382
245 14 - TITLE STATEMENT
Title The agrarian origins of modern Japan /
Statement of responsibility, etc. Thomas C. Smith
260 ## - PUBLICATION, DISTRIBUTION, ETC. (IMPRINT)
Place of publication, distribution, etc. Stanford, Calif :
Name of publisher, distributor, etc. Stanford University Press,
Date of publication, distribution, etc. 1959.
300 ## - PHYSICAL DESCRIPTION
Pagination xi, 250 p. :
Illustrations ill. ;
Size 24 cm.
490 1# - SERIES STATEMENT
Series statement Stanford studies in the civilizations of eastern Asia
504 ## - BIBLIOGRAPHY, ETC. NOTE
Bibliography, etc Includes Bibliography and index.
650 #0 - SUBJECT ADDED ENTRY--TOPICAL TERM
Topical term or geographic name as entry element Agriculture
General subdivision Economic aspects
Geographic subdivision Japan.
9 (RLIN) 217383
Topical term or geographic name as entry element Land tenure
Geographic subdivision Japan.
9 (RLIN) 217384
651 #0 - SUBJECT ADDED ENTRY--GEOGRAPHIC NAME
Geographic name Japan
General subdivision Rural conditions.
9 (RLIN) 217385
830 #0 - SERIES ADDED ENTRY--UNIFORM TITLE
Uniform title Stanford studies in the civilizations of eastern Asia.
942 ## - ADDED ENTRY ELEMENTS (KOHA)
Source of classification or shelving scheme Dewey Decimal Classification
Koha item type Books
Holdings
Lost status Source of classification or shelving scheme Damaged status Not for loan Collection code Permanent Location Current Location Shelving location Date acquired Source of acquisition Cost, normal purchase price Total Checkouts Full call number Date last seen Copy number Koha item type
  Dewey Decimal Classification   Not For Loan Non-fiction Central Library, University of Rajshahi Central Library, University of Rajshahi Reading Room 16/12/1963 Zeitlinger 40.00   333.760952 SMA 1959 01/06/2017 C-1 Books
  Dewey Decimal Classification     Non-fiction Central Library, University of Rajshahi Central Library, University of Rajshahi   14/03/1990 N/A     333.760952 SMA 1959 01/06/2017 C-2 Books
  Dewey Decimal Classification     Non-fiction Central Library, University of Rajshahi Central Library, University of Rajshahi   24/04/1979 Japan Fundation     333.760952 SMA 1959 01/06/2017 C-3 Books
  Dewey Decimal Classification     Non-fiction Central Library, University of Rajshahi Central Library, University of Rajshahi   16/12/1963 Zeitlinger 40.00   333.760952 SMA 1959 01/06/2017 C-4 Books